Biopsia mammy 2.

Bibliographic Details
Main Author: Sokol, Ladislav Alexander (Author)
Format: Book
Language:Slovak
PhysicalDescription:S. 145-378 sch., tab. 31 cm
Published: [Košice] HIS-Dg 2000
ISBN:8096838709
Subjects:

MARC

LEADER 00000nam a2200000 a 4500
001 vtls001415642
003 SK-MaSNL
005 20260302072258.0
008 240314s2000 xo a r y slo
015 |a SNBA2001/10-03441 
020 |a 8096838709 
035 |a SNK000370382 
035 |a urn:nbn:sk:snk-amyhb0 
035 |a urn:nbn:sk:snk-am00cl4v 
035 |a 661B6B21-6023-47EC-AC99-40886DF8FBB3 
040 |a SNK  |b slo  |c SNK  |e AACR2 
041 0 |a slo 
044 |a xo  |c SK 
080 |a 618.19-006:616.076  |2 1981 
080 |a 616.076  |2 1981 
100 1 |a Sokol, Ladislav Alexander  |4 aut  |9 687733 
245 1 0 |a Biopsia mammy  |n 2.  |c Ladislav Alexander Sokol 
260 |a [Košice]  |b HIS-Dg  |c 2000 
300 |a S. 145-378  |b sch., tab.  |c 31 cm 
504 |a Bibliogr. odkazy. Reg. 
650 0 7 |a prsníky  |x rakovina  |x biopsia  |x monografie  |2 SNK  |9 687734 
655 7 |a príručky  |2 SNK  |9 74364 
919 |a 80-968387-0-9 
958 |a TL 
958 |a MI 
958 |a NB 
958 |a OND 
999 |c 1155821  |d 1157751 
952 |t P60, <03>, [BOOK], {603}  |a SNK  |b SNK  |y PREZ  |7 0  |p 17A0305126  |o snkSB 63596/2  |i snkKSP 7649/2001  |0 0  |1 0  |4 0  |d 2001-06-22  |f 1  |l 0  |r 2025-04-15 00:00:00  |w 2026-02-24